|
|
|
|
| LEADER |
02677nam a2200577 i 4500 |
| 001 |
nkc20233568220 |
| 003 |
CZ PrNK |
| 005 |
20240110125259.0 |
| 007 |
ta |
| 008 |
231121s2023 xr a g 000 j cze |
| 015 |
|
|
|a cnb003568220
|
| 020 |
|
|
|a 978-80-278-0155-8
|q (vázáno)
|
| 035 |
|
|
|a (OCoLC)1420608114
|
| 040 |
|
|
|a ABG001
|b cze
|d ABA001
|e rda
|
| 043 |
|
|
|a e-xr---
|
| 045 |
|
|
|a y-y-
|
| 072 |
|
7 |
|a 821.162.3-3
|x Česká próza
|2 Konspekt
|9 25
|
| 080 |
|
|
|a 821.162.3-32
|2 MRF
|
| 080 |
|
|
|a 82-322.9
|2 MRF
|
| 080 |
|
|
|a (437.3)
|2 MRF
|
| 080 |
|
|
|a (0:82-322.9)
|2 MRF
|
| 080 |
|
|
|a (082.21)
|2 MRF
|
| 245 |
0 |
0 |
|a Krev, monstra a cukroví :
|b sborník fantastických vánočních povídek /
|c Michaela Merglová, Petr Brožovský (eds.)
|
| 250 |
|
|
|a První vydání
|
| 264 |
|
1 |
|a Praha :
|b Epocha s.r.o.,
|c 2023
|
| 300 |
|
|
|a 607 stran :
|b ilustrace ;
|c 20 cm
|
| 336 |
|
|
|a text
|b txt
|2 rdacontent
|
| 337 |
|
|
|a bez média
|b n
|2 rdamedia
|
| 338 |
|
|
|a svazek
|b nc
|2 rdacarrier
|
| 490 |
1 |
|
|a Fantastická Epocha
|
| 520 |
2 |
|
|a Antologie fantasy povídek českých autorů na téma Vánoce.
|b Vánoce jsou to nejkouzelnější období z celého roku. Doba zázraků, radosti a dárečků. Jenže za hranicemi krbového světla se nocí plíží věci, ze kterých vstávají hrůzou vlasy na hlavě. Stíny. Monstra. Ježíšek. Mají chuť na cukroví, a často také na krev... Sbírka povídek, ve kterých hrají hlavní úlohu nadpřirozeno a vánoční svátky, vám naservíruje výbornou štědrovečerní večeři z české fantastiky. Čeká vás akční nářez, přemýšlivé kousky nositelů ocenění Magnesia Litera i příběhy, které pohladí duši. Nakladatelská anotace. Kráceno.
|
| 648 |
|
7 |
|a 21. století
|7 ch460559
|2 czenas
|
| 650 |
0 |
7 |
|a česká povídka
|7 ph128146
|y 21. století
|2 czenas
|
| 650 |
0 |
7 |
|a fantasy povídka
|7 ph455184
|z Česko
|y 21. století
|2 czenas
|
| 650 |
0 |
9 |
|a Czech short stories
|y 21st century
|2 eczenas
|
| 650 |
0 |
9 |
|a fantasy short stories
|z Czechia
|y 21st century
|2 eczenas
|
| 655 |
|
7 |
|a české povídky
|7 fd133971
|2 czenas
|
| 655 |
|
7 |
|a fantasy povídky
|7 fd132238
|2 czenas
|
| 655 |
|
7 |
|a antologie
|7 fd131819
|2 czenas
|
| 655 |
|
9 |
|a Czech short stories
|2 eczenas
|
| 655 |
|
9 |
|a fantasy short stories
|2 eczenas
|
| 655 |
|
9 |
|a anthology
|2 eczenas
|
| 700 |
1 |
|
|a Merglová, Michaela,
|d 1990-
|7 xx0220156
|4 edt
|
| 700 |
1 |
|
|a Brožovský, Petr,
|d 1992-
|7 xx0270362
|4 edt
|
| 830 |
|
0 |
|a Fantastická Epocha
|0 s
|
| 910 |
2 |
|
|a BOA001
|b 1-1517.237
|
| 920 |
|
|
|a 4896132
|z ABG001
|
| 990 |
|
|
|a BK
|
| 995 |
|
|
|a 01
|
| 991 |
|
|
|b 202312
|c NOV
|
| 996 |
6 |
|
|b 2610955679
|c 1-1517.237
|l MZK
|r Sklad / do 1 hodiny
|n 2
|p p.v.
|w 001946520
|u 000010
|a 1
|e BOA001
|j MZK50
|s P
|